000 00498cam a2200181ua 4500
001 6077
008 131119n ii |||gr||||Z||||||eng
040 _cMAIN
082 _a657.046
245 _aAdvanced Accountancy
_bVolume II /
_cBy S.N. Maheswari .
250 _a4rth rev. ed. /
_bVolume II.
260 _aNew Delhi:
_bVikas Publishing House PVT LTD,
_c1991.
300 _axi,805p.
653 _aCommerce
653 _aAdvanced Accountancy
700 _aMaheswari,S.N.,
_eAuthor.
942 _cBK
999 _c5230
_d5230